[Event "Open Ricany 2011"]
[Site "http://www.openricany.cz"]
[Date "2011.08.23"]
[Round "5.6"]
[White "Hrdina, Robin"]
[Black "Vojta, Tomas"]
[Result "1/2-1/2"]
[WhiteElo "2089"]
[BlackElo "2368"]

1. e4 d5 2. exd5 Qxd5 3. Nc3 Qd6 4. d4 Nf6 5. Bc4 a6 6. Nf3 Nc6 7. O-O Bg4
8. Be3 e6 9. Qe2 Be7 10. Rad1 b5 11. Bd3 Nb4 12. Ne4 Qd5 13. Bf4 Nxd3 14. cxd3
O-O 15. Bxc7 Qxa2 16. Rd2 Qd5 17. Be5 Rfd8 18. Qe3 Ne8 19. Rc2 f6 20. Bc7 Rd7
21. Rfc1 Nxc7 22. Rxc7 Rad8 23. h3 Bxf3 24. gxf3 Bf8 25. Rxd7 Rxd7 26. Nc5 Rd6
27. Ra1 Qxd4 28. Qxd4 Rxd4 29. Nxe6 Rxd3 30. Rxa6 Kf7 31. Nxf8 Kxf8 32. Rb6 Rb3
33. Rb7 Rxb2 34. Kg2 Kg8 35. Kg3 h5 36. f4 Kh7 37. f5 Rb4 38. f4 Kh6 39. Rb6
Rb3+ 40. Kh4 Rb4 41. Kg3 Rb1 42. Kh4 b4 43. Rb8 g5+ 44. fxg6 Kxg6 45. Rb5 b3
46. Rxh5 f5 47. Rh8 b2 48. Rb8 Kf6 49. Rb6+ Ke7 50. Kh5 Kd7 51. h4 Kc7 52. Rb3
Kc6 53. Kh6 Kd5 54. h5 Ke4 55. Rb4+ Kf3 56. Kh7 Rh1 1/2-1/2

[Event "Open Ricany 2011"]
[Site "http://www.openricany.cz"]
[Date "2011.08.24"]
[Round "6.20"]
[White "Pospisil Martin"]
[Black "Filip Vojtech"]
[Result "1-0"]
[WhiteElo "2035"]
[BlackElo "1784"]

1. d4 d5 2. Nf3 Nf6 3. e3 e6 4. Bd3 b6 5. Qe2 Bb7 6. Nbd2 c5 7. c3 Be7 8. O-O
O-O 9. e4 dxe4 10. Nxe4 Nbd7 11. Rd1 Qc7 12. Neg5 h6 13. Nxe6 fxe6 14. Qxe6+ Kh8
15. Nh4 Rfe8 16. Ng6+ Kh7 17. Nxe7+ Kh8 18. Ng6+ Kh7 19. Ne5+ 1-0

[Event "Open Ricany 2011"]
[Site "http://www.openricany.cz"]
[Date "2011.08.24"]
[Round "6.26"]
[White "Svitak, David"]
[Black "Feierfeil, Jiri"]
[Result "1-0"]
[WhiteElo "2015"]
[BlackElo "1858"]

1. d4 Nf6 2. c4 g6 3. Nc3 d5 4. cxd5 Nxd5 5. e4 Nxc3 6. bxc3 Bg7 7. Nf3 O-O
8. Be3 c5 9. Rc1 cxd4 10. cxd4 Qa5+ 11. Qd2 Qxd2+ 12. Nxd2 Nc6 13. Nb3 Rd8
14. d5 Ne5 15. f4 Ng4 16. Bc5 Bf8 17. Be2 Nf6 18. Bf3 b6 19. Ba3 Ba6 20. Kf2
Rac8 21. Nd4 e6 22. Bxf8 Kxf8 23. Rxc8 Bxc8 24. Nc6 Rd7 25. d6 Bb7 26. e5 Nd5
27. Bxd5 exd5 28. Nxa7 Ba6 29. Nc6 Bc4 30. a4 f6 31. Rb1 fxe5 32. fxe5 Kf7
33. Rxb6 Ke6 34. Ke3 d4+ 35. Kxd4 Bd5 36. g3 Bxc6 37. Rxc6 Ra7 38. Rc7 Rxa4+
39. Kc3 Kxe5 40. d7 Rd4 41. Rc5+ Ke4 42. Rc4 1-0

[Event "Open Ricany 2011"]
[Site "http://www.openricany.cz"]
[Date "2011.08.24"]
[Round "6.11"]
[White "Grecny Karol"]
[Black "Wasserbauer Radek"]
[Result "*"]
[WhiteElo "1975"]
[BlackElo "2145"]

1. e4 e5 2. Nf3 d6 3. d4 Nf6 4. dxe5 Nxe4 5. Bd3 Nc5 6. O-O Be7 7. Nc3 O-O
8. Nd5 Nc6 9. Nxe7+ Qxe7 10. Bg5 Qe6 11. exd6 Qxd6 12. Bb5 f6 13. Be3 Bg4
14. Qxd6 cxd6 15. Nd4 Nxd4 16. Bxd4 Be6 17. Rfe1 Kf7 18. b4 Nd7 19. Rad1 Ne5
20. a3 a6 21. Be2 Rac8 22. c3 Nc4 23. Bxc4 *

[Event "Open Ricany 2011"]
[Site "http://www.openricany.cz"]
[Date "2011.08.24"]
[Round "6.38"]
[White "Plicka Petr"]
[Black "Kovar Jan"]
[Result "0-1"]
[WhiteElo "1864"]
[BlackElo "2002"]

1. d4 Nf6 2. c4 b6 3. Nf3 Bb7 4. g3 g6 5. Bg2 Bg7 6. Nc3 O-O 7. O-O c5 8. d5 d6
9. Ng5 Nbd7 10. f4 h6 11. Nf3 a5 12. Re1 Ba6 13. Qd3 Qc7 14. Nh4 Rab8 15. e4 Ne8
16. Be3 b5 17. cxb5 c4 18. Qd2 Bxb5 19. Nxb5 Rxb5 20. Rab1 Rxb2 21. Rxb2 c3
22. Qf2 cxb2 23. Bd4 Qc1 24. Be3 Qa1 25. Qf1 Qxa2 26. Nf3 Nc7 27. Nd2 Rb8
28. Bf3 Nb5 29. Qd3 Nc3 30. Nb1 Nxb1 31. Rxb1 Rb3 0-1

[Event "Open Ricany 2011"]
[Site "http://www.openricany.cz"]
[Date "2011.08.24"]
[Round "6.52"]
[White "Bocek Lukas"]
[Black "Sedivy Ondrej"]
[Result "0-1"]
[WhiteElo "1702"]
[BlackElo "1782"]

1. e4 e6 2. d4 d5 3. exd5 exd5 4. c4 dxc4 5. Bxc4 Bd6 6. Nc3 Nf6 7. Nf3 O-O
8. O-O Bg4 9. Bg5 Nc6 10. Nd5 Be7 11. Nxe7+ Qxe7 12. Re1 Qd6 13. d5 Ne5 14. Be2
Nxf3+ 15. Bxf3 Bxf3 16. Qxf3 Nxd5 17. Rad1 Rfe8 18. Rxe8+ Rxe8 19. g3 c6 20. Qb3
Qc7 21. Qa4 Qe5 22. Bf4 Nxf4 23. Qxf4 Qxf4 24. gxf4 g6 25. Rd7 Rb8 26. Kg2 a5
27. Rc7 Kg7 28. Kf3 Kf6 29. Ke4 Re8+ 30. Kd4 Rd8+ 31. Kc5 Rd5+ 32. Kc4 b5+
33. Kc3 Rc5+ 34. Kd3 Rc4 35. Ke3 a4 36. Rd7 h6 37. Rd4 Rc2 0-1

[Event "Open Ricany 2011"]
[Site "http://www.openricany.cz"]
[Date "2011.08.24"]
[Round "6.30"]
[White "Popelka Pavel"]
[Black "Pycha Patrik"]
[Result "0-1"]
[WhiteElo "1984"]
[BlackElo "1770"]

1. e4 e6 2. d4 d5 3. Nd2 dxe4 4. Nxe4 Bd7 5. Nf3 Bc6 6. Ng3 Nd7 7. Be2 Ngf6
8. O-O Bd6 9. c3 O-O 10. Qc2 b6 11. Ng5 h6 12. N5e4 Nxe4 13. Nxe4 Bxh2+ 14. Kxh2
Qh4+ 15. Kg1 Qxe4 16. Qxe4 Bxe4 17. Bf4 c5 18. Bb5 Nf6 19. f3 Bb7 20. Bd6 Rfc8
21. dxc5 bxc5 22. Rad1 Nd5 23. Kf2 a5 24. c4 Nb6 25. Be7 Bc6 26. Bxc6 Rxc6
27. b3 Rac8 28. Rd8+ Rxd8 29. Bxd8 Kf8 30. Rd1 Ke8 31. Ke2 f6 32. Rd3 Nd7
33. Bxa5 Ra6 34. Bd2 Rxa2 35. Ke3 Rb2 36. g3 Ke7 37. Ba5 Ne5 38. Rc3 g5 39. Bc7
h5 40. Bxe5 fxe5 41. f4 exf4+ 42. gxf4 g4 43. Ke4 Kf6 44. f5 exf5+ 45. Kd5 f4
46. Kxc5 f3 47. Kd4 f2 48. Rc1 Rxb3 49. c5 g3 50. c6 g2 51. c7 g1=Q 52. Rc6+ Kg7
53. c8=Q 0-1

[Event "Open Ricany 2011"]
[Site "http://www.openricany.cz"]
[Date "2011.08.24"]
[Round "6.34"]
[White "Franek Jan"]
[Black "Nemec David"]
[Result "1-0"]
[WhiteElo "1891"]
[BlackElo "2037"]

1. e4 c5 2. Nf3 d6 3. d4 cxd4 4. Nxd4 Nf6 5. Nc3 a6 6. Bc4 e6 7. Be3 Be7 8. Qe2
b5 9. Bb3 O-O 10. O-O-O Bb7 11. e5 Nd5 12. Nxd5 exd5 13. Nf5 dxe5 14. Bxd5 Qc7
15. Bh6 gxh6 16. Qg4+ Bg5+ 17. f4 Rc8 18. Bb3 Kh8 19. fxg5 h5 20. Qh4 a5 21. g6
Ra6 22. g7+ Kg8 23. Ne7+ Kxg7 24. Nxc8 Bxc8 25. Rhf1 f5 26. Rd8 a4 27. Rg8+ 1-0

[Event "Open Ricany 2011"]
[Site "http://www.openricany.cz"]
[Date "2011.08.24"]
[Round "6.18"]
[White "Cap Adam"]
[Black "Horak Vladimir"]
[Result "1-0"]
[WhiteElo "1934"]
[BlackElo "2034"]

1. c4 b6 2. Nc3 Bb7 3. Nf3 c5 4. d3 Nc6 5. Bf4 d6 6. e3 e5 7. Bg3 Nf6 8. Be2
Be7 9. O-O O-O 10. d4 exd4 11. exd4 d5 12. dxc5 Bxc5 13. Nxd5 Nxd5 14. Qxd5 Qxd5
15. cxd5 Nd4 16. Nxd4 Bxd4 17. Rab1 Rad8 18. Rfd1 Bc5 19. Bf3 Bd6 20. Rbc1 Bxg3
21. fxg3 Rd7 22. Kf2 Re8 23. d6 Bxf3 24. Kxf3 f5 25. Rc7 Red8 26. Rxd7 Rxd7
27. Kf4 Kf7 28. Kxf5 Rd8 29. Rd2 Rc8 30. d7 Rd8 31. Ke5 Ke7 32. g4 b5 33. Rd6 b4
1-0

[Event "Open Ricany 2011"]
[Site "http://www.openricany.cz"]
[Date "2011.08.24"]
[Round "6.2"]
[White "Rehorek Martin"]
[Black "Gregor Jiri"]
[Result "0-1"]
[WhiteElo "2296"]
[BlackElo "2262"]

1. Nf3 d5 2. c4 c6 3. e3 Nf6 4. Nc3 a6 5. b4 Bg4 6. h3 Bxf3 7. Qxf3 e6 8. Rb1
Bd6 9. Qd1 Nbd7 10. Be2 O-O 11. O-O b5 12. cxd5 cxd5 13. a4 Qe7 14. Qb3 Rfb8
15. a5 Re8 16. d4 Rf8 17. Bf3 Kh8 18. Bd2 Ne4 19. Bxe4 dxe4 20. f4 f5 21. Be1
Rae8 22. Ne2 h6 23. Qc2 Rc8 24. Kh1 Nf6 25. Bh4 g5 26. fxg5 Nd5 27. Nf4 Bxf4
28. exf4 Ne3 29. Qf2 Nxf1 30. gxh6 e3 31. Qe1 {Dále neèitelné} 0-1

[Event "Open Ricany 2011"]
[Site "http://www.openricany.cz"]
[Date "2011.08.24"]
[Round "6.5"]
[White "Vojta, Tomas"]
[Black "Kubikova, Hana"]
[Result "1-0"]
[WhiteElo "2368"]
[BlackElo "2159"]

1. e4 c5 2. f4 Nc6 3. Nf3 g6 4. Bb5 Bg7 5. O-O Nd4 6. Nxd4 cxd4 7. d3 Nf6 8. e5
Nd5 9. Qf3 e6 10. Bc4 Nb6 11. Na3 a6 12. Qf2 d5 13. Bb3 a5 14. c3 dxc3 15. bxc3
O-O 16. Be3 Ra6 17. Bc5 Bd7 18. Rab1 Re8 19. Bc2 Na4 20. Bxa4 Bxa4 21. Rxb7 Qc8
22. Rfb1 Rc6 23. Bd4 Bf8 24. Qb2 Bc5 25. Bxc5 Rxc5 26. c4 dxc4 27. dxc4 Rxc4
28. Nxc4 Qxc4 29. Qd2 Qe4 30. Rb8 Kg7 31. h3 Bc6 32. Kh2 Rxb8 33. Rxb8 g5
34. Rd8 Bd5 35. fxg5 Qxe5+ 36. Kg1 Qa1+ 37. Kf2 a4 38. a3 Qe5 39. Rc8 Qe4
40. Kg3 Qe5+ 41. Qf4 Qb2 42. Qf6+ Qxf6 43. gxf6+ Kxf6 44. Rc7 Kg6 45. Ra7 Bb3
46. Kf4 f6 47. g3 h5 48. Ra8 Kg7 49. Ke3 Kg6 50. Kf4 Kg7 51. g4 hxg4 52. Kxg4
Bd1+ 53. Kf4 Bc2 54. Rc8 Bb3 55. Rc1 Kh6 56. Rg1 Kh7 57. Ke4 Kh6 58. Kd3 Kh5
59. Rg8 Kh6 60. Kc3 f5 61. Re8 Kg7 62. Kd4 Kf6 63. h4 Bd1 64. Rf8+ Ke7 65. Rh8
Bb3 66. Ke5 Kf7 67. Rh5 Kg7 68. Rg5+ Kh7 69. Kf6 f4 70. Rg4 f3 71. Rf4 Bd1
72. Kxe6 Kg6 73. Ke5 Kh5 74. Ke4 f2 75. Ke3 1-0

[Event "Open Ricany 2011"]
[Site "http://www.openricany.cz"]
[Date "2011.08.24"]
[Round "6.19"]
[White "Vevera, Radek"]
[Black "Boucek, Vlastimil"]
[Result "1-0"]
[WhiteElo "2043"]
[BlackElo "1982"]

1. e4 Nf6 2. e5 Nd5 3. d4 d6 4. c4 Nb6 5. exd6 cxd6 6. Nc3 Bf5 7. Be3 e6 8. Nf3
Be7 9. Be2 O-O 10. O-O Nc6 11. Rc1 d5 12. c5 Nc8 13. Qa4 Bf6 14. Rfd1 Bg4 15. b4
N8e7 16. b5 Na5 17. Qc2 Nf5 18. Na4 Bxf3 19. gxf3 Bh4 20. Kh1 Rc8 21. Qd2 Be7
22. Rc2 Nh4 23. Nb2 Ng6 24. f4 b6 25. c6 Bd6 26. Nd3 f6 27. Nb4 Qe7 28. a3 Qf7
29. Rg1 Nh4 30. Rg4 Nf5 31. Bd3 g6 32. Qc3 h5 33. Rg1 Kh7 34. Rcc1 Rg8 35. Qc2
Rg7 36. Qd1 Rcg8 37. Qf3 Kh8 38. Bxf5 gxf5 39. Rxg7 Rxg7 40. Na6 Nc4 41. a4 Qg6
42. Qg3 Qh6 43. Qh4 Rg4 44. Qh3 Rg7 45. Rg1 Rxg1+ 46. Kxg1 h4 47. c7 Bxc7
48. Nxc7 Qg7+ 49. Kf1 Qxc7 50. Qxh4+ Kg7 51. Qg3+ Kf8 52. Qh4 Qg7 53. Qh5 Ke7
54. Bc1 Kd7 55. h3 Nd6 56. Ba3 Ne4 57. Bb4 Kd8 58. Ke2 Qg8 59. Kf1 Kc7 60. Ke2
Kb7 61. Kf1 a5 62. bxa6+ Kxa6 63. Qe2+ Ka7 64. Qh5 Kb7 65. Qh6 Qc8 66. Kg2 Qc7
67. h4 b5 68. a5 Ka6 69. Qf8 Kb7 70. h5 Qxf4 71. Qe7+ Qc7 72. a6+ Kb8 73. Qe8+
Ka7 74. h6 Qh7 75. Bf8 Kxa6 76. Qa8+ Kb6 77. Qd8+ Kc6 78. Qa8+ Kb6 79. Bc5+ Nxc5
80. dxc5+ Kxc5 81. Qf8+ Kc4 82. Qg7 Qxh6 83. Qxh6 b4 84. Qc1+ Kd3 85. Kf1 d4
86. Qb2 Kc4 87. Ke2 e5 88. Qc2+ Kb5 89. Kd3 f4 90. Qb3 Kc5 91. Qc4+ Kd6 92. Ke4
f3 93. Qd5+ 1-0

[Event "Open Ricany 2011"]
[Site "http://www.openricany.cz"]
[Date "2011.08.24"]
[Round "6.29"]
[White "Kubik, Jaroslav"]
[Black "Starek, Stanislav"]
[Result "1-0"]
[WhiteElo "1987"]
[BlackElo "1912"]

1. c4 e5 2. Nc3 Nc6 3. Nf3 f5 4. d4 e4 5. Bg5 Be7 6. Bxe7 Ngxe7 7. Nd2 Nxd4
8. Ndxe4 Ndc6 9. Ng5 O-O 10. e3 d6 11. Qh5 h6 12. h4 hxg5 13. hxg5 Qe8 14. Qh7+
Kf7 15. Rh6 Be6 16. Rf6# 1-0

[Event "Open Ricany 2011"]
[Site "http://www.openricany.cz"]
[Date "2011.08.24"]
[Round "6.17"]
[White "Skacel, Jan"]
[Black "Maly, Marek"]
[Result "1-0"]
[WhiteElo "2050"]
[BlackElo "1986"]

1. d4 Nf6 2. c4 e5 3. dxe5 Ng4 4. Nf3 Nc6 5. Bf4 Bb4+ 6. Nc3 Qe7 7. Qc2 Ngxe5
8. Nxe5 Nxe5 9. e3 Ng6 10. Bg3 d6 11. Qa4+ 1-0

[Event "Open Ricany 2011"]
[Site "http://www.openricany.cz"]
[Date "2011.08.24"]
[Round "6.39"]
[White "Rezac, Jindrich"]
[Black "Marik, Miloslav"]
[Result "1/2-1/2"]
[WhiteElo "1862"]
[BlackElo "1988"]

1. d4 Nf6 2. c4 g6 3. Nc3 Bg7 4. e4 d6 5. Nf3 O-O 6. Be2 e5 7. d5 a5 8. h3 Na6
9. Be3 Nd7 10. O-O f5 11. exf5 gxf5 12. Bg5 Nf6 13. Qd2 Qe8 14. Bh6 Qg6 15. Bxg7
Qxg7 16. Qg5 Qg6 17. Qxg6+ hxg6 18. a3 Bd7 19. b4 b6 20. Rfb1 1/2-1/2

[Event "Open Ricany 2011"]
[Site "http://www.openricany.cz"]
[Date "2011.08.24"]
[Round "6.50"]
[White "Ruzicka, Vaclav"]
[Black "Eisner, Oldrich"]
[Result "1/2-1/2"]
[WhiteElo "1740"]
[BlackElo "1822"]

1. Nf3 c5 2. b3 Nf6 3. e3 g6 4. Bb2 Bg7 5. Be2 O-O 6. O-O Nc6 7. c4 b6 8. d3
Bb7 9. Nbd2 d5 10. a3 Re8 11. d4 cxd4 12. exd4 e6 13. Ne5 Nd7 14. Nxc6 Bxc6
15. Nf3 dxc4 16. bxc4 Rc8 17. Qb3 Ba8 1/2-1/2

[Event "Open Ricany 2011"]
[Site "http://www.openricany.cz"]
[Date "2011.08.24"]
[Round "6.32"]
[White "Hadzala, Daniel"]
[Black "Adamik, Frantisek"]
[Result "1-0"]
[WhiteElo "2162"]
[BlackElo "1891"]

1. Nf3 f5 2. c4 d6 3. Nc3 e5 4. d3 Nd7 5. g3 h6 6. Nh4 Ne7 7. e4 Nf6 8. Bg2 g5
9. Nxf5 Be6 10. O-O Qd7 11. f4 O-O-O 12. Nxe7+ Bxe7 13. f5 Bf7 14. Be3 a6 15. b4
d5 16. exd5 Bxb4 17. Qb3 Qd6 18. Rab1 Bc5 19. Qxb7+ Kd7 20. Qc6+ Qxc6 21. dxc6+
Kd6 22. Bxc5+ Kxc5 23. Ne4+ Nxe4 24. Bxe4 Be8 25. Rb7 Bxc6 26. Rxc7 Rc8
27. Rxc6+ Rxc6 28. Bxc6 Kxc6 29. Kf2 1-0

[Event "Open Ricany 2011"]
[Site "http://www.openricany.cz"]
[Date "2011.08.24"]
[Round "6.15"]
[White "Voracek, Zdenek"]
[Black "Pavlicek, Petr"]
[Result "1-0"]
[WhiteElo "2063"]
[BlackElo "2013"]

1. d4 Nf6 2. c4 g6 3. Nc3 d5 4. cxd5 Nxd5 5. e4 Nxc3 6. bxc3 Bg7 7. Bc4 O-O
8. Ne2 c5 9. O-O Nc6 10. Be3 Bd7 11. Rc1 Na5 12. Bd3 c4 13. Bb1 b5 14. f4 e6
15. e5 Bc6 16. Ng3 Bd5 17. Qd2 Bh6 18. f5 Bxe3+ 19. Qxe3 Qh4 20. f6 Nc6 21. Ne4
h6 22. Rf4 1-0

[Event "Open Ricany 2011"]
[Site "http://www.openricany.cz"]
[Date "2011.08.24"]
[Round "6.27"]
[White "Hybl, Vladislav"]
[Black "Vavrinec, Tomas"]
[Result "1/2-1/2"]
[WhiteElo "1925"]
[BlackElo "2015"]

1. e4 e6 2. d4 d5 3. Nc3 Bb4 4. e5 c5 5. a3 cxd4 6. axb4 dxc3 7. Nf3 Ne7
8. bxc3 Qc7 9. Bd3 Nd7 10. Bf4 Qxc3+ 11. Bd2 Qc7 12. Bf4 Nb6 13. O-O Nc4 14. Ra2
Bd7 15. Qe2 Ng6 16. Bg3 a6 17. Re1 Rc8 18. Nd4 Qb6 19. c3 Bb5 20. f4 Ne7 21. Bf2
Qc7 22. g4 Nc6 23. Nxc6 Qxc6 24. f5 Nb6 25. Bxb5 axb5 26. Bd4 1/2-1/2

[Event "Open Ricany 2011"]
[Site "http://www.openricany.cz"]
[Date "2011.08.24"]
[Round "6.21"]
[White "Forman, Miroslav"]
[Black "Koper, Stefan"]
[Result "0-1"]
[WhiteElo "1912"]
[BlackElo "2031"]

1. Nc3 d5 2. e4 d4 3. Nce2 c5 4. Ng3 Nc6 5. Nf3 Bg4 6. h3 Bxf3 7. Qxf3 a6
8. Bc4 e6 9. a4 Nge7 10. O-O Ng6 11. Qe2 h5 12. d3 Qh4 13. Bd5 Bd6 14. Nf5 exf5
15. exf5+ Qe7 16. Bxc6+ bxc6 17. Qd1 Ne5 18. f4 Nxd3 19. cxd3 Kd7 20. Bd2 Qf6
21. Qf3 Qxf5 22. Rfe1 g6 23. Re4 Qd5 24. Rae1 f5 25. Re6 Qxf3 26. gxf3 Rhg8
27. Rf6 Rae8 28. Rxe8 Rxe8 29. Rxg6 Rb8 30. Rg7+ Ke6 31. Rg6+ Kd5 32. b4 cxb4
33. Rf6 c5 34. Bc1 b3 35. Bb2 Rf8 36. Rh6 Bxf4 37. Rxh5 Bd2 0-1

[Event "Open Ricany 2011"]
[Site "http://www.openricany.cz"]
[Date "2011.08.24"]
[Round "6.24"]
[White "Framberk, Jan"]
[Black "Hronik, Petr"]
[Result "1-0"]
[WhiteElo "2062"]
[BlackElo "1966"]

1. e4 d5 2. exd5 Nf6 3. Bb5+ Bd7 4. Bc4 b5 5. Bb3 a5 6. a3 Bg4 7. f3 Bc8 8. Nc3
Ba6 9. Nge2 g6 10. d4 Bg7 11. Bg5 O-O 12. Bxf6 exf6 13. O-O Nd7 14. Re1 Nb6
15. Nf4 f5 16. Nce2 Bb7 17. Qd3 Qd7 18. Rad1 Nxd5 19. Nxd5 Bxd5 20. Bxd5 Qxd5
21. Nc3 Qc4 22. Nxb5 Qxd3 23. Rxd3 c6 24. Nc3 Rad8 25. Ne2 Rd7 26. Kf1 Rfd8
27. Red1 c5 28. dxc5 Rxd3 29. Rxd3 Rxd3 30. cxd3 Bxb2 31. c6 Be5 32. d4 Bd6
33. Nc3 Kf8 34. Nb5 Bxh2 35. c7 Bxc7 36. Nxc7 Ke7 37. Nb5 Ke6 38. Ke2 Kd5
39. Kd3 g5 40. Nc3+ Kc6 41. Kc4 h5 42. d5+ Kd6 43. Kd4 f6 44. f4 gxf4 45. Ne2 f3
46. gxf3 h4 47. Nf4 1-0

[Event "Open Ricany 2011"]
[Site "http://www.openricany.cz"]
[Date "2011.08.24"]
[Round "6.47"]
[White "Lorenc, Tomas"]
[Black "Soltys, Roman"]
[Result "1-0"]
[WhiteElo "1875"]
[BlackElo "1825"]

1. e4 e6 2. d4 d5 3. Nc3 Bb4 4. Bd3 dxe4 5. Bxe4 Nf6 6. Bf3 O-O 7. a3 Ba5
8. Ne2 Nbd7 9. Bg5 c5 10. dxc5 h6 11. Bxf6 Nxf6 12. b4 Bc7 13. Qxd8 Rxd8 14. Nb5
Be5 15. Rd1 Rxd1+ 16. Kxd1 Bd7 17. c4 Bc6 18. Bxc6 bxc6 19. Nbc3 Ng4 20. Ke1 Rd8
21. b5 Bc7 22. f3 Ne3 23. Kf2 Nxc4 24. bxc6 Ne5 25. Nb5 Ba5 26. Nxa7 Nd3+
27. Kg3 Bc7+ 28. Kh4 Nxc5 29. Nb5 Rc8 30. Nxc7 Rxc7 31. Rc1 Na4 32. Nd4 Kf8
33. Nb5 Rc8 34. c7 Nb6 35. Nd6 Ke7 36. Nxc8+ Nxc8 37. Rd1 1-0

[Event "Open Ricany 2011"]
[Site "http://www.openricany.cz"]
[Date "2011.08.24"]
[Round "6.12"]
[White "Rehak, Martin"]
[Black "Ambroz, Antonin"]
[Result "1/2-1/2"]
[WhiteElo "2129"]
[BlackElo "2054"]

1. c4 Nf6 2. d4 c5 3. Nf3 g6 4. g3 cxd4 5. Nxd4 Nc6 6. Nc3 Bg7 7. Bg2 Qb6
8. Nxc6 bxc6 9. O-O Qb4 10. Qa4 Qxa4 11. Nxa4 d5 12. b3 Ne4 13. Bb2 Bxb2
14. Nxb2 Bd7 15. Rfd1 e6 16. Nd3 Nd6 17. Nc5 Rc8 18. Rac1 f5 19. f3 Ke7 20. e4
Rc7 21. Nxd7 Kxd7 22. cxd5 cxd5 23. Rxc7+ Kxc7 24. exd5 e5 25. Rc1+ Kd7 26. Kf2
Rc8 27. Rxc8 Nxc8 28. Bf1 Kd6 29. Bc4 Nb6 30. Ke3 Nxd5+ 31. Kd3 Nb4+ 32. Kd2
1/2-1/2

[Event "Open Ricany 2011"]
[Site "http://www.openricany.cz"]
[Date "2011.08.24"]
[Round "6.45"]
[White "Kucera, Josef"]
[Black "Havelka, Petr"]
[Result "0-1"]
[WhiteElo "1852"]
[BlackElo "1915"]

1. Nf3 d5 2. g3 Nf6 3. Bg2 g6 4. d3 c5 5. Nbd2 Bg7 6. c3 O-O 7. e4 Nc6 8. O-O
Bg4 9. h3 dxe4 10. Nxe4 Bxf3 11. Nxf6+ Bxf6 12. Bxf3 Qd7 13. Be3 b6 14. Qa4 Rac8
15. Be4 Rfd8 16. Rad1 e6 17. Kg2 Ne7 18. Qxd7 Rxd7 19. f4 Rcd8 20. Kf3 Bg7
21. Ke2 Nd5 22. Bc1 f5 23. Bf3 e5 24. fxe5 Bxe5 25. Bxd5+ Rxd5 26. Bf4 Re8
27. Kd2 Bxf4+ 28. gxf4 Kf7 29. Rf3 Rd6 30. Re3 Red8 31. Ke2 Kf6 32. Rg1 R6d7
33. h4 h6 34. Reg3 Rg7 35. Kd2 Rdg8 36. Ke2 g5 37. hxg5+ hxg5 38. fxg5+ Rxg5
39. Rxg5 Rxg5 40. Rxg5 Kxg5 41. Kf3 a5 42. b3 f4 43. a3 Kf5 44. a4 Kg5 45. Kf2
Kg4 46. d4 cxd4 47. cxd4 Kg5 48. Ke2 Kf6 49. Kd3 Kf5 0-1

[Event "Open Ricany 2011"]
[Site "http://www.openricany.cz"]
[Date "2011.08.24"]
[Round "6.40"]
[White "Jonas, Vaclav"]
[Black "Berg, Antonin"]
[Result "1-0"]
[WhiteElo "1963"]
[BlackElo "1856"]

1. e4 Nf6 2. e5 Nd5 3. d4 d6 4. c4 Nb6 5. exd6 cxd6 6. Nc3 Nc6 7. d5 Ne5 8. f4
Ned7 9. Nf3 Nf6 10. Be3 g6 11. Bd3 Bg7 12. O-O Bg4 13. Rc1 O-O 14. Qd2 Rc8
15. b3 Bxf3 16. Rxf3 Ng4 17. Kh1 Nxe3 18. Rxe3 f5 19. Rce1 Bf6 20. h3 Nd7
21. Ne2 Nc5 22. Bb1 Re8 23. g4 fxg4 24. hxg4 Kf7 25. g5 Bg7 26. f5 Be5 27. Qc2
Rg8 28. Rh3 Rg7 29. fxg6+ hxg6 30. Rf1+ Kg8 31. b4 Qd7 32. Ng1 Na4 33. Qe4 Rf8
34. Rh8+ Kxh8 35. Rxf8+ Rg8 36. Qxg6 1-0

[Event "Open Ricany 2011"]
[Site "http://www.openricany.cz"]
[Date "2011.08.24"]
[Round "6.33"]
[White "Paukert, Jan"]
[Black "Janicek, Jindrich"]
[Result "0-1"]
[WhiteElo "1911"]
[BlackElo "2077"]

1. d4 Nf6 2. Nf3 g6 3. g3 Bg7 4. Bg2 O-O 5. c4 c6 6. O-O d6 7. Nc3 Nbd7 8. e4
e5 9. d5 Nc5 10. Qc2 a5 11. Be3 Nfd7 12. Na4 Nxa4 13. Qxa4 c5 14. Rab1 Nf6
15. Bg5 h6 16. Bxf6 Bxf6 17. a3 Bd7 18. Qc2 a4 19. b4 axb3 20. Qxb3 Ra7 21. Qe3
Bg7 22. Rb3 f5 23. Rfb1 Bc8 24. Nh4 f4 25. Qd3 Qf6 26. h3 Rf7 27. Nf3 Bf8
28. Nd2 h5 29. Qe2 Be7 30. g4 hxg4 31. hxg4 Rh7 32. Kf1 Bd8 33. Ke1 Ba5 34. Kd1
Bd7 35. Kc1 Ba4 36. Rh3 Rxh3 37. Bxh3 g5 38. Nf3 Bd8 39. Kb2 b6 40. Bg2 Bd7
41. Nd2 Qf7 42. Ka2 Be8 43. f3 Qb7 44. Bf1 Qa6 45. Qd3 Rh7 46. Be2 Rh2 47. Nf1
Rf2 48. Nd2 Qa7 49. Rh1 Qa4 50. Rb1 Rh2 51. Nf1 Rg2 52. Nd2 Rh2 53. Nf1 Rh4
54. Bd1 Qd7 55. a4 Qa7 56. Ka3 Rh1 57. Rb2 Qa5 58. Qe2 Qc3+ 59. Ka2 Rh7 60. Qc2
Qe1 61. Qe2 Qa5 62. Qc2 Ra7 63. Ka3 b5 64. cxb5 Bxb5 65. Nd2 Qa6 66. Qb3 Bd3
67. Qb8 Ra8 68. Qb7 Ba5 69. Qe7 Bb4+ 70. Rxb4 cxb4+ 71. Kb2 Qa7 72. Qxg5+ Kf8
73. Qf6+ Ke8 74. Qe6+ Qe7 75. Qg8+ Qf8 76. Qe6+ Kd8 77. Kb3 Rb8 78. Nc4 Bxc4+
79. Kxc4 Qe7 80. Qxe7+ Kxe7 81. Kb3 Kd7 82. Be2 Kc7 83. Bb5 Rh8 84. Kxb4 Rh3 0-1

[Event "Open Ricany 2011"]
[Site "http://www.openricany.cz"]
[Date "2011.08.24"]
[Round "6.14"]
[White "Rydl, Jiri"]
[Black "Vanka, Miloslav"]
[Result "0-1"]
[WhiteElo "2007"]
[BlackElo "2120"]

1. e4 c5 2. Nf3 e6 3. d4 cxd4 4. Nxd4 a6 5. Nc3 Qc7 6. Be2 b5 7. Bf3 Bb7 8. O-O
Nc6 9. a3 Nf6 10. g3 h5 11. Nxc6 dxc6 12. Bf4 e5 13. Bg5 Nh7 14. Be3 h4 15. Qd2
Be7 16. Rad1 Bc8 17. Qe2 Be6 18. Bg4 Bc4 19. Qf3 Nf6 20. Bh3 hxg3 21. Qxg3 Bxf1
22. Kxf1 Rd8 23. Rd3 Rxd3 24. cxd3 Nh5 25. Qg2 g6 26. Ne2 Qd8 27. Nc1 Kf8
28. Bg4 Kg7 29. Bd1 Qd6 30. Bb3 Qf6 31. Ne2 Rd8 32. Ng3 Nxg3+ 33. Qxg3 Rxd3
34. Bh6+ Kxh6 35. Qxd3 Bc5 36. Qd2+ Kg7 37. Kg2 Bd4 38. Ba2 Qh4 39. f3 c5
40. Bd5 c4 41. Bb7 Qf6 42. Bd5 Qb6 43. Qb4 Bg1 44. Qe1 Bd4 45. Qb4 Qd8 46. Qd2
a5 47. Kh1 Qb6 48. Kg2 Qc5 49. Qc2 Kf6 50. Qc1 Kg7 51. Qc2 c3 52. bxc3 Bxc3
53. Qc1 Qd4 54. Qc2 Qe3 55. Qf2 Qc1 56. Qa2 Bd4 57. Bb3 Qg1+ 58. Kh3 Qf1+
59. Kg3 Be3 60. Qg2 Bf4+ 61. Kh3 Qd3 62. Ba2 Qxa3 63. Kg4 Qc3 64. Kh3 b4 65. Qe2
b3 66. Bb1 a4 0-1

[Event "Open Ricany 2011"]
[Site "http://www.openricany.cz"]
[Date "2011.08.24"]
[Round "6.31"]
[White "Martinec, Karel"]
[Black "Vrecion, Jiri"]
[Result "1/2-1/2"]
[WhiteElo "1971"]
[BlackElo "1771"]

1. e4 c5 2. b4 cxb4 3. a3 Nc6 4. axb4 Nxb4 5. Ba3 Nc6 6. Nc3 Nf6 7. d4 d6
8. Nf3 Bg4 9. Be2 g6 10. e5 dxe5 11. d5 Bxf3 12. Bxf3 Nd4 13. O-O Bg7 14. Re1
Nxf3+ 15. Qxf3 Nd7 16. Rab1 b6 17. d6 exd6 18. Bxd6 Rc8 19. Rbd1 Qf6 20. Qg3 Qf5
21. f4 f6 22. Nb5 Kd8 23. Nxa7 Rc4 24. Qf3 e4 25. Qb3 Qe6 1/2-1/2